000 00345nam a2200157Ia 4500
003 Ost
005 20260225132539.0
008 260225s9999||||xx |||||||||||||| ||und||
040 _cfsic
041 _afre
082 _a709
100 _aHervé loilier
_eAuteur
245 0 _aHistoire des arts /
245 0 _cHervé loilier
942 _cكتاب
999 _c33382
_d33382